Регионална библиотека "Любен Каравелов" - Русе

Как къртичето си направи автомобилче (Запис номер 164016)

MARC детайли
000 -Лидер
Контролно поле с фиксирана дължина 01645nam a2200373 c 4500
003 - Код на организацията, давaща контролен номер
Контролно поле BLK
005 - Дата и час на последна редакция
Контролно поле 20180422113947.0
008 - Елементи от данни с фиксирана дължина
fixed length control field 180410b bul|||||r ||||||| ||bul||
010 ## - Наследен системен номер
LC control number KNG00171503000
020 ## - Международен стандартен номер на книга ISBN
Международен стандартен номер на книга ISBN 978-954-389-292-9
-- издат.: Труд
040 ## - Източник на каталожния запис
Идентификатор на билиотеката - собственик на записа BLK
041 ## - Код за език
Код за езика на текст/звукозапис или на отделно заглавие Български
Код за езика КДБФ Български
072 #7 - Код за тематичната категория
Код организация bullib
Код за тематична категория Н85
Текст Детска художествена литература Н
080 ## - УДК
Текстов определител УДК Чешка литература
УДК код - определител по УДК 821.162.3
УДК определител -93-34
УДК - код + определител 821.162.3-93-34
139 ## - Редно поле
Редна дума Петишка, Едуард и др.
Авторски знак Пете - П 42
245 10 - Сведения за заглавието
Заглавие Как къртичето си направи автомобилче
Редно поле (дума) текста написа Едуард Петишка; по идея на Зденек Милер; ил. Зденек Милер; прев. от чеш. Йорданка Атанасова Трифонова.
257 ## - Страна на издаване
Страна на създаване/издаване Чехия
260 ## - Област на издателските данни
-- София
Име на издателя, разпространителя и проч. Труд
Година на издаване 2013
Печатница Отпеч. в Прага
300 ## - Физическа характеристика
Страници 64 с.
Илюстрации и др. с цв. ил.
Размери/Мащаб 26 см
380 ## - Жанр
Жанр Детска худож. лит.
500 ## - Общи забележки
Забележка Ориг. загл.: Krtek a auticko / Zdenek Miler, Eduard Petiska.
653 ## - Ключова дума – ненормативна
Ключова дума детска литература
653 ## - Ключова дума – ненормативна
Ключова дума приказки
659 ## - Тематичен бюлетин
Тематичен бюлетин Н
700 1# - Други автори (авторска отговорност)
Лично име Петишка, Едуард
Автороска отговорност (Описва отношението между автора и произведението) текста написа
9 (RLIN) 108747
700 1# - Други автори (авторска отговорност)
Лично име Милер, Зденек
Автороска отговорност (Описва отношението между автора и произведението) по идея на
9 (RLIN) 381349
700 1# - Други автори (авторска отговорност)
Лично име Милер, Зденек
Автороска отговорност (Описва отношението между автора и произведението) ил.
9 (RLIN) 381349
700 1# - Други автори (авторска отговорност)
Лично име Трифонова, Йорданка Атанасова
Автороска отговорност (Описва отношението между автора и произведението) прев. от чеш.
9 (RLIN) 378698
852 ## - Местоположение
Форматна сигнатура Цб ІІ 20357
856 4# - Електронен адрес и достъп
Електронен формат pdf - файл
Път до файла /url/
856 4# - Електронен адрес и достъп
Електронен формат pdf - файл
Път до файла /url/
942 ## - АРТИКУЛИ
Вид на библиотечния материал Книги
Скрит в OPAC Не
944 ## - СЪЗДАВАНЕ И РЕДАКЦИЯ на ЗАПИСА
Създаване/Редакция Създаване
Дата на регистрацията/редакция 17.02.2015
Служител, извършил регистрацията/редакцията Виолета_Тройчева
944 ## - СЪЗДАВАНЕ И РЕДАКЦИЯ на ЗАПИСА
Създаване/Редакция Редакция
Дата на регистрацията/редакция 26.06.2015
Служител, извършил регистрацията/редакцията Геновева_Генчева
999 ## - СИСТЕМНИ КОНТРОЛНИ НОМЕРА
Koha biblionumber 164016
Koha biblioitemnumber 164016
Наличности
Код за отписване Код за изгубен артикул Код за повреда Коз за рестрикции Код за отдаване Артикулен № Име на библиотеката - собственик Име на библиотеката, в която се намира в момента Статус (Текущо местоположение) Дата на вписване в системата Местоположение - отдел Цена в лева Инвентарен номер Систематично азбучна сигнатура Баркод Номер на екземпляра Цена в евро Служебна бележка Служебен тип на артикула
  Не е изгубен Не е повреден без рестрикции ползва се в читалня 275529 Регионална библиотека "Любен Каравелов" Русе Регионална библиотека "Любен Каравелов" Русе Хранилище 2015-02-18 Хранилище 14.99 120000785459 Цб ІІ 20357 120000785459 1 7.66 Дост: Dp Вид: Д N: 25 Дата: 31.05.2014 Книги
Vip Innovations Ltd, Rousse, Bulgaria 2025